Naipe de cartas (Registro nro. 13424)

Detalles MARC
000 -Cabecera
Campo de control de longitud fija 00304ari a2200133 4500
005 - Fecha y hora de la última transacción
Campo de control 20241004100154.0
008 - Elementos de longitud fija--Información general
Campo de control de longitud fija 150327b xxu||||| |||| 00| 0 spa d
245 ## - Título propiamente dicho
Título Naipe de cartas
300 ## - Descripción física
Extensión 50 cartas
650 ## - Materia general
Temática (materia general) JUEGOS DE MESA
650 ## - Materia general
Temática (materia general) NAIPE
650 ## - Materia general
Temática (materia general) ENTRETENIMIENTO
942 ## - Punto de acceso adicional KOHA
Tipo de ítem KOHA Juego de Mesa
Fuente del sistema de clasificación o colocación Dewey Decimal Classification
Existencias
Código de barras Tipo de ítem
NAIPE01 Juego de Mesa